[Event "SVK-chT5 SE-SI 1920"]
[Site "Slovakia"]
[Date "2020.02.15"]
[Round "7.5"]
[White "Klimesova, Gabriela"]
[Black "Kaufman, Roman"]
[Result "0-1"]
[WhiteElo "1328"]
[BlackElo "1000"]
[PlyCount "50"]
[EventDate "2019.10.19"]
[EventType "team-tourn"]
[EventRounds "14"]
[EventCountry "SVK"]
[SourceTitle "CBM 195 Extra"]
[Source "ChessBase"]
[SourceDate "2020.05.31"]
[SourceVersion "1"]
[SourceVersionDate "2020.05.31"]
[SourceQuality "1"]
[WhiteTeam "Stefanov II"]
[BlackTeam "Senica CVC III"]
[WhiteTeamCountry "SVK"]
[BlackTeamCountry "SVK"]

1. e4 e5 2. Nf3 Nc6 3. Bc4 Bc5 4. d3 d6 5. Be3 Bg4 6. Nc3 Bxe3 7. fxe3 Nge7 8. d4 0-0 9. 0-0 Ng6 10. dxe5 Ngxe5 11. Qd5 Nxf3+ 12. gxf3 Be6 13. Qd3 Bh3 14. Rf2 Ne5 15. Qe2 Re8 16. f4 Bg4 17. Qf1 Nxc4 18. Qxc4 Qd7 19. f5 Re5 20. Rg2 Bf3 21. Rg3 d5 22. Nxd5 Kh8 23. Rxf3 Rae8 24. Rd1 Rxe4 25. Nxc7 Qxd1+ 0-1

[Event "SVK-chT5 SE-SI 1920"]
[Site "Slovakia"]
[Date "2020.02.01"]
[Round "6.5"]
[White "Kaufman, Roman"]
[Black "Kroupa, Roman"]
[Result "0-1"]
[WhiteElo "1000"]
[BlackElo "1000"]
[PlyCount "74"]
[EventDate "2019.10.19"]
[EventType "team-tourn"]
[EventRounds "14"]
[EventCountry "SVK"]
[SourceTitle "CBM 194 Extra"]
[Source "ChessBase"]
[SourceDate "2020.03.31"]
[SourceVersion "1"]
[SourceVersionDate "2020.03.31"]
[SourceQuality "1"]
[WhiteTeam "Senica CVC III"]
[BlackTeam "Skalica IV"]
[WhiteTeamCountry "SVK"]
[BlackTeamCountry "SVK"]

1. e4 e5 2. Nf3 Nc6 3. Bb5 Bc5 4. Bxc6 bxc6 5. Nxe5 Qh4 6. d4 Qxe4+ 7. Be3 Qxg2 8. Qf3 Qxf3 9. Nxf3 Bd6 10. Nc3 Nf6 11. 0-0-0 Bb4 12. Bd2 d5 13. Rde1+ Be6 14. Ng5 Kd7 15. f4 h6 16. Nxe6 fxe6 17. Rhg1 Rhg8 18. a3 Bd6 19. Ne2 Ne4 20. Be3 g5 21. Ref1 c5 22. h4 g4 23. Ng3 Raf8 24. f5 Nxg3 25. fxe6+ Ke7 26. Rxf8 Rxf8 27. Kb1 Nf5 28. dxc5 Nxe3 29. cxd6+ Kxd6 30. Rg3 Rf3 31. Rg1 Rf1+ 32. Rxf1 Nxf1 33. Kc1 g3 34. e7 Kxe7 35. Kd1 g2 36. Ke2 g1Q 37. Kd3 Qe3# 0-1

[Event "SVK-chT5 SE-SI 1920"]
[Site "Slovakia"]
[Date "2019.11.23"]
[Round "3.5"]
[White "Ralbovsky, Milan"]
[Black "Kaufman, Roman"]
[Result "0-1"]
[WhiteElo "1271"]
[BlackElo "1000"]
[PlyCount "56"]
[EventDate "2019.10.19"]
[EventType "team-tourn"]
[EventRounds "14"]
[EventCountry "SVK"]
[SourceTitle "CBM 193 Extra"]
[Source "ChessBase"]
[SourceDate "2020.01.31"]
[SourceVersion "1"]
[SourceVersionDate "2020.01.31"]
[SourceQuality "1"]
[WhiteTeam "Jabuca Petrova Ves Gbely V"]
[BlackTeam "Senica CVC III"]
[WhiteTeamCountry "SVK"]
[BlackTeamCountry "SVK"]

1. e4 e5 2. Nf3 Nc6 3. Bb5 d6 4. 0-0 Bg4 5. Nc3 a6 6. Ba4 b5 7. Bb3 Nd4 8. h3 Nxf3+ 9. gxf3 Bh5 10. d3 Be7 11. Kh2 Bg5 12. Rg1 Bf4+ 13. Bxf4 exf4 14. Rxg7 Qh4 15. Qg1 0-0-0 16. Bxf7 Nf6 17. Bxh5 Qxh5 18. Qg2 Rhg8 19. Rg1 Rxg7 20. Qxg7 Qxf3 21. Qxf6 Qxf2+ 22. Rg2 Qf1 23. Qh4 f3 24. Rf2 Qc1 25. Qg4+ Kb7 26. Qxf3 Rg8 27. Nd1 Qg5 28. Ne3 Qg1# 0-1

[Event "SVK-chT5 SE-SI 1819"]
[Site "Slovakia"]
[Date "2019.02.09"]
[Round "7.4"]
[White "Kaufman, Roman"]
[Black "Lanza, Matej"]
[Result "1-0"]
[WhiteElo "1000"]
[BlackElo "1215"]
[PlyCount "59"]
[EventDate "2018.10.20"]
[EventType "team-tourn"]
[EventRounds "10"]
[EventCountry "SVK"]
[SourceTitle "CBM 189 Extra"]
[Source "ChessBase"]
[SourceDate "2019.06.03"]
[SourceVersion "1"]
[SourceVersionDate "2019.06.03"]
[SourceQuality "1"]
[WhiteTeam "Senica CVC IV"]
[BlackTeam "Gbely Nafta IV"]
[WhiteTeamCountry "SVK"]
[BlackTeamCountry "SVK"]

1. e4 e5 2. Nf3 Nc6 3. Bc4 h6 4. 0-0 Nf6 5. Re1 a6 6. a4 Bc5 7. b3 d6 8. Ba3 Ba7 9. c3 Na5 10. d4 Nxc4 11. bxc4 exd4 12. cxd4 0-0 13. e5 dxe5 14. Bxf8 Bxd4 15. Nxd4 exd4 16. Be7 Qd7 17. Ra2 b6 18. Rae2 Bb7 19. Bxf6 Qc6 20. f3 Qxf6 21. Re8+ Rxe8 22. Rxe8+ Kh7 23. Qd3+ g6 24. Nd2 h5 25. Ne4 Qf5 26. Qxd4 f6 27. Nxf6+ Kh6 28. Qe3+ Kg7 29. Qe7+ Kh6 30. Ng8# 1-0

[Event "SVK-chT5 SE-SI 1819"]
[Site "Slovakia"]
[Date "2018.11.03"]
[Round "2.4"]
[White "Sefcik, Oliver"]
[Black "Kaufman, Roman"]
[Result "1-0"]
[WhiteElo "1139"]
[BlackElo "1000"]
[PlyCount "59"]
[EventDate "2018.10.20"]
[EventType "team-tourn"]
[EventRounds "10"]
[EventCountry "SVK"]
[SourceTitle "CBM 189 Extra"]
[Source "ChessBase"]
[SourceDate "2019.06.03"]
[SourceVersion "1"]
[SourceVersionDate "2019.06.03"]
[SourceQuality "1"]
[WhiteTeam "Holic III"]
[BlackTeam "Senica CVC IV"]
[WhiteTeamCountry "SVK"]
[BlackTeamCountry "SVK"]

1. b3 d6 2. Bb2 e5 3. d4 e4 4. d5 c6 5. c4 Nf6 6. Nc3 c5 7. e3 Nbd7 8. Qc2 Qe7 9. g3 g6 10. Bg2 Bh6 11. Nxe4 0-0 12. Ne2 Re8 13. N2c3 Ne5 14. Nxf6+ Qxf6 15. Ne4 Qe7 16. 0-0 Bf5 17. Qc3 Bg7 18. f4 Nf3+ 19. Rxf3 Bxc3 20. Nxc3 Bg4 21. Rf2 Qxe3 22. Nb5 Re7 23. Nxd6 Rd8 24. Be5 Rf8 25. Ne4 f6 26. Nxf6+ Kf7 27. Nxg4 Qd3 28. Re1 h5 29. Be4 Rxe5 30. Nxe5+ 1-0